Una libertad que se entrega: en meditación con María

Guardat en:
Dades bibliogràfiques
Autor principal: Martini, Carlo María (autor)
Format: Llibre
Idioma:espanyol
Publicat: Maliaño Sal Terrae 1996
Edició:1a. ed
Col·lecció:Colección El Pozo de Siquem, 78
Matèries:
Etiquetes: Afegir etiqueta
Sense etiquetes, Sigues el primer a etiquetar aquest registre!

MARC

LEADER 00000cam a2200000 a 4500
001 UCC6465
003 CL-VaPUC
008 181213e19960000sp |||||||||||||||||spa|d
020 |a 842931198X 
082 0 4 |a 232.91  |b MAR  |2 21 
100 |a Martini, Carlo María  |e autor  |9 600928 
245 1 4 |a Una libertad que se entrega: en meditación con María 
250 |a 1a. ed 
300 |a 174 p 
942 |c BK 
945 |d 20181213 14:55:00  |a dcastane 
260 |a Maliaño  |b Sal Terrae  |c 1996 
650 0 |a Mariología   |9 365249 
650 0 |a Meditaciones  |9 309833 
583 |a last modification  |c 20181213 14:55:00  |k Rodrigo Vera 
490 0 |a Colección El Pozo de Siquem, 78 
999 |c 373406  |d 373404 
952 |0 0  |1 0  |3 erb  |4 0  |6 232_910000000000000_MAR_1996  |7 0  |8 A  |9 491507  |a BIBTEO  |b BIBTEO  |e Precht Pizarro, Jorge Enrique  |i 5520649  |o 232.91 MAR 1996  |p 5520649  |r 2025-01-17  |w 2019-11-24  |y BK  |z Catalogado en:20181213  |k ICR